Sudden Death Have These NBA Players Averaged 30 PPG #1 - Statistics

General Stats
  • This quiz has been taken 642 times
  • The average score is 3 of 10
Answers on the Grid
Answers color-coded by a green-red scale on the quiz's grid according to % correct below.
Elvin Hayes
Allen Iverson
Dominique Wilkins
David Robinson
Charles Barkley
Bradley Beal
Alex English
George Gervin
Carmelo Anthony
Elgin Baylor
Dirk Nowitzki
Hakeem Olajuwon
Pete Maravich
Larry Bird
Jerry West
Jayson Tatum
Paul Pierce
Kevin Durant
Shaquille O'Neal
Jack Twyman
 
Answer Stats
Answer % Correct
Allen Iverson
76%
Kevin Durant
48%
Bradley Beal
41%
Dominique Wilkins
24%
Elgin Baylor
20%
Jayson Tatum
20%
George Gervin
19%
Jerry West
15%
Pete Maravich
13%
Jack Twyman
3%
No matching quizzes found
Score Distribution
Percent of People with Each Score
Percentile by Number Answered
Your Score History
You have not taken this quiz